[Event "TCh-CHN 2017"]
[Site "China CHN"]
[Date "2017.08.18"]
[Round "12.5"]
[Board "2"]
[White "Li, Yankai"]
[Black "Zhao, Jun"]
[Result "1/2-1/2"]
[BlackTitle "GM"]
[WhiteElo "2456"]
[BlackElo "2604"]
[WhiteTeam "Tianjin"]
[BlackTeam "Shandong"]
[WhiteFideId "8609357"]
[BlackFideId "8602522"]
[EventDate "2017.04.18"]

1. e4 e5 2. Nf3 Nc6 3. Bc4 Bc5 4. c3 Nf6 5. d4 exd4 6. cxd4 Bb4+ 7. Bd2 Nxe4 8.
Bxb4 Nxb4 9. Bxf7+ Kxf7 10. Qb3+ Kf8 11. Qxb4+ Qe7 12. Qxe7+ Kxe7 13. O-O Nf6
14. Re1+ Kd8 15. Nc3 d6 16. Ng5 Rf8 17. Re3 h6 18. Nge4 Ne8 19. d5 Bd7 20. h4 a5
21. Rd1 Ra6 22. Rd2 Rb6 23. g3 Rb4 24. a3 Rb6 25. Ne2 Rf5 26. f4 Rf7 27. Nd4 Re7
28. Kf2 c5 29. Ne6+ Bxe6 30. dxe6 Rxe6 31. f5 1/2-1/2

[Event "TCh-CHN 2017"]
[Site "China CHN"]
[Date "2017.08.18"]
[Round "12.5"]
[Board "3"]
[White "Wang, Yue"]
[Black "Bu, Xiangzhi"]
[Result "1/2-1/2"]
[WhiteTitle "GM"]
[BlackTitle "GM"]
[WhiteElo "2690"]
[BlackElo "2730"]
[WhiteTeam "Tianjin"]
[BlackTeam "Shandong"]
[WhiteFideId "8601429"]
[BlackFideId "8601445"]
[EventDate "2017.04.18"]

1. d4 Nf6 2. c4 e6 3. Nc3 Bb4 4. Nf3 b6 5. e3 Ne4 6. Qc2 Bb7 7. Bd3 f5 8. O-O
Bxc3 9. bxc3 O-O 10. c5 bxc5 11. Ne1 cxd4 12. cxd4 Nc6 13. Ba3 Rf6 14. Rb1 Rb8
15. Nf3 Rg6 16. Rfc1 Nf6 17. Bf1 Nd5 18. g3 a5 19. Bg2 Ncb4 20. Bxb4 axb4 21.
Ne5 Rf6 22. Rb2 Rf8 23. Qa4 d6 24. Nc6 Bxc6 25. Rxc6 Qd7 26. Bxd5 exd5 27. Rbc2
f4 28. exf4 Rxf4 29. Qa7 Re8 30. Rxc7 Qg4 31. Rxg7+ Qxg7 32. Qxg7+ 1/2-1/2

[Event "TCh-CHN 2017"]
[Site "China CHN"]
[Date "2017.08.18"]
[Round "12.5"]
[Board "4"]
[White "Zhang, Xiaowen"]
[Black "Xiao, Yiyi"]
[Result "1/2-1/2"]
[WhiteTitle "WGM"]
[BlackTitle "WFM"]
[WhiteElo "2332"]
[BlackElo "2311"]
[WhiteTeam "Shandong"]
[BlackTeam "Tianjin"]
[WhiteFideId "8603219"]
[BlackFideId "8606161"]
[EventDate "2017.04.18"]

1. e4 e5 2. Nf3 Nc6 3. Bc4 Bc5 4. O-O Nf6 5. d3 d6 6. c3 a6 7. a4 Ba7 8. h3 h6
9. Re1 O-O 10. Nbd2 Be6 11. b4 Qd7 12. Nf1 Bxc4 13. dxc4 Qe6 14. Qe2 Nh5 15. a5
Ne7 16. Nh4 Qf6 17. Nf3 Ng6 18. g3 Qe6 19. Kg2 f5 20. exf5 Rxf5 21. Nd4 Bxd4 22.
cxd4 Raf8 23. Kg1 Rf3 24. Nh2 Nxg3 25. fxg3 Rxg3+ 26. Kh1 Qxh3 27. Rf1 Rxf1+ 28.
Qxf1 Qh4 29. Qe1 exd4 30. Ra2 Ne5 31. Rg2 Rg4 32. Qxh4 Rxh4 33. Kg1 d3 34. c5
dxc5 35. bxc5 Kh7 36. Bb2 Re4 37. Nf1 g5 38. Nd2 Re1+ 39. Kf2 Rd1 40. Ke3 Ng6
41. Nf3 Rf1 42. Rg1 Rxg1 43. Nxg1 Nf4 44. Be5 Ne6 45. Kxd3 Kg6 46. Kc4 c6 47.
Ne2 Kf5 48. Bd6 Ke4 49. Ng3+ Kf3 50. Nh5 Kg4 51. Nf6+ Kf5 52. Nh5 Kg6 53. Ng3 h5
54. Kd3 h4 55. Nf1 g4 56. Ke4 g3 57. Kf3 Nd4+ 58. Kg2 Nf5 59. Bf4 Nd4 60. Nd2
Kf5 61. Nf3 Kxf4 62. Nxd4 Kg4 63. Ne6 h3+ 64. Kg1 Kf5 65. Nd8 Kf4 66. Nxb7 Kf3
67. Nd6 h2+ 68. Kh1 Kf2 69. Ne4+ Kf3 70. Nxg3 Kxg3 1/2-1/2

[Event "TCh-CHN 2017"]
[Site "China CHN"]
[Date "2017.08.18"]
[Round "12.6"]
[Board "2"]
[White "Lu, Shanglei"]
[Black "Xu, Xiangyu"]
[Result "1/2-1/2"]
[WhiteTitle "GM"]
[BlackTitle "GM"]
[WhiteElo "2641"]
[BlackElo "2549"]
[WhiteTeam "Zhejiang"]
[BlackTeam "Chengdu"]
[WhiteFideId "8603332"]
[BlackFideId "8608288"]
[EventDate "2017.04.18"]

1. e4 e5 2. Bc4 Nf6 3. d3 c6 4. Nf3 d5 5. Bb3 Qc7 6. Nc3 dxe4 7. Nxe4 Nxe4 8.
dxe4 Bg4 9. Qd2 f6 10. Nh4 Na6 11. f3 Rd8 12. Qf2 Bc8 13. Be3 Bc5 14. O-O Bxe3
15. Qxe3 Qb6 16. Nf5 Qxe3+ 17. Nxe3 Nc5 18. Bc4 Be6 19. Bxe6 Nxe6 20. Rfd1 Kf7
21. Kf2 g6 22. Ke2 Ke7 23. c3 Nf4+ 24. Kf1 Ne6 25. Ke2 Nf4+ 26. Kf1 Ne6 27. Ke2
Nf4+ 28. Kf1 Ne6 29. Ke2 Nf4+ 30. Kf1 1/2-1/2

[Event "TCh-CHN 2017"]
[Site "China CHN"]
[Date "2017.08.18"]
[Round "12.6"]
[Board "3"]
[White "Lan, Zilun"]
[Black "Moiseenko, Alexander"]
[Result "1/2-1/2"]
[BlackTitle "GM"]
[WhiteElo "2361"]
[BlackElo "2667"]
[WhiteTeam "Zhejiang"]
[BlackTeam "Chengdu"]
[WhiteFideId "8604193"]
[BlackFideId "14102560"]
[EventDate "2017.04.18"]

1. d4 Nf6 2. c4 e6 3. Nf3 Bb4+ 4. Bd2 Qe7 5. g3 Nc6 6. Bg2 Bxd2+ 7. Qxd2 Ne4 8.
Qc2 Qb4+ 9. Nc3 Nxc3 10. Qxc3 Qxc3+ 11. bxc3 Na5 12. Nd2 Rb8 13. c5 b6 14. Nb3
Ba6 15. Bf3 Ke7 16. O-O Nc4 17. Rfe1 d6 18. e4 Na3 19. Be2 Bb7 20. Bd3 dxc5 21.
dxc5 Rhd8 22. Red1 Rd7 23. Kf1 a5 24. cxb6 cxb6 25. Ke2 Rc8 26. Rac1 Rdc7 27.
Kd2 e5 28. f3 g6 29. h4 h5 30. Re1 Ke6 31. Re3 a4 32. Na1 b5 33. Ree1 f5 34. Nc2
Nc4+ 35. Bxc4+ Rxc4 36. exf5+ gxf5 37. f4 Be4 38. fxe5 Rd8+ 39. Nd4+ Kxe5 40. a3
Rc5 41. Rb1 Rg8 42. Re3 Rxg3 43. Rxg3 Bxb1 44. Rg5 Be4 45. Rxh5 Rc8 46. Nxb5 Rg8
47. Rg5 Rh8 48. Nd4 Kf6 49. Ne2 Rxh4 50. Rg8 Rh3 51. Rd8 Rh2 52. Ke3 Rh3+ 53.
Kd2 Ke5 54. Re8+ Kd6 55. Rd8+ Kc5 56. Rc8+ Kb6 57. Rb8+ Ka5 58. Rd8 Rh1 59. Ng3
Rh2+ 60. Ke3 Rh3 61. Kf4 Rh4+ 62. Ke5 Bc2 63. Nxf5 Rh5 64. Rd5+ Kb6 65. Kf4 Bxf5
66. Rxf5 Rh3 67. c4 Rxa3 68. Ke4 Rb3 69. Kd4 a3 70. Rf8 Ka7 71. Rf7+ Ka6 72. Rf8
Ka7 73. Rf7+ Ka6 74. Rf8 Ka7 1/2-1/2

[Event "TCh-CHN 2017"]
[Site "China CHN"]
[Date "2017.08.18"]
[Round "12.6"]
[Board "4"]
[White "Lagno, Kateryna"]
[Black "Ding, Yixin"]
[Result "1-0"]
[WhiteTitle "GM"]
[BlackTitle "WGM"]
[WhiteElo "2547"]
[BlackElo "2424"]
[WhiteTeam "Chengdu"]
[BlackTeam "Zhejiang"]
[WhiteFideId "14109336"]
[BlackFideId "8602972"]
[EventDate "2017.04.18"]

1. e4 e6 2. d4 d5 3. e5 c5 4. c3 Nc6 5. Nf3 Nge7 6. Na3 Nf5 7. Nc2 cxd4 8. cxd4
Be7 9. Bd3 Qb6 10. O-O Bd7 11. g4 Nh6 12. h3 Ng8 13. Rb1 h5 14. g5 a5 15. g6 f5
16. exf6 Bxf6 17. Ng5 Nd8 18. Re1 Ne7 19. Nh7 Bb5 20. Bxb5+ Qxb5 21. Qxh5 Rg8
22. Bg5 Bxg5 23. Nxg5 Qd3 24. Ne3 Qxd4 25. Rbd1 Qf6 26. Nxe6 Nxe6 27. Nxd5 Qxg6+
28. Qxg6+ Nxg6 29. Nc7+ Kf8 30. Nxe6+ Kf7 31. Ng5+ Kf6 32. Nh7+ Kf5 33. Rd5+ Kf4
34. Ng5 Rge8 35. Ne6+ Rxe6 36. Rxe6 Nh4 37. Re7 Nf3+ 38. Kg2 g5 39. Rf7+ Ke4 40.
Rb5 Nh4+ 41. Kg3 Rg8 42. Rxa5 b6 43. Rb5 Rg6 44. f4 Nf3 45. Re7+ 1-0

[Event "TCh-CHN 2017"]
[Site "China CHN"]
[Date "2017.08.18"]
[Round "12.6"]
[Board "5"]
[White "Ren, Xiaoyi"]
[Black "Zhu, Jiner"]
[Result "1-0"]
[WhiteElo "2254"]
[BlackElo "2324"]
[WhiteTeam "Chengdu"]
[BlackTeam "Zhejiang"]
[WhiteFideId "8608709"]
[BlackFideId "8608059"]
[EventDate "2017.04.18"]

1. d4 Nf6 2. c4 b6 3. Nc3 e6 4. Bg5 Bb4 5. e4 Bxc3+ 6. bxc3 h6 7. Bxf6 Qxf6 8.
Bd3 Bb7 9. Ne2 e5 10. O-O d6 11. f4 Qe7 12. Ng3 g6 13. fxe5 dxe5 14. c5 O-O 15.
Bc4 Nc6 16. Bd5 Na5 17. Qg4 Kh7 18. Bxb7 Nxb7 19. c6 Na5 20. d5 Nc4 21. Rf3 Rg8
22. Raf1 Rg7 23. R1f2 Kg8 24. Rf6 Rd8 25. h4 Rd6 26. Rxd6 Nxd6 27. h5 gxh5 28.
Qd7 Kf8 29. Nf5 Nxf5 30. Qxf5 Kg8 31. Qd7 f6 32. Qxe7 Rxe7 33. Rxf6 Kg7 34. Rf5
Kg6 35. c4 a5 36. a4 Re8 37. Kh2 Re7 38. Kh3 Re8 39. Kh4 Re7 40. Rxh5 Re8 41.
Rf5 Re7 42. Rf8 Kg7 43. Rd8 Kf6 44. Rd7 Rxd7 45. cxd7 Ke7 46. Kh5 1-0

[Event "TCh-CHN 2017"]
[Site "China CHN"]
[Date "2017.08.19"]
[Round "13.1"]
[Board "2"]
[White "Lan, Zilun"]
[Black "Yu, Yangyi"]
[Result "0-1"]
[BlackTitle "GM"]
[WhiteElo "2361"]
[BlackElo "2751"]
[WhiteTeam "Zhejiang"]
[BlackTeam "Beijing"]
[WhiteFideId "8604193"]
[BlackFideId "8603820"]
[EventDate "2017.04.18"]

1. Nf3 d6 2. d4 g6 3. e4 Nf6 4. Nc3 Bg7 5. h3 O-O 6. Be3 a6 7. a4 Nc6 8. Be2 Re8
9. O-O e6 10. Qd2 b6 11. Rad1 Bb7 12. Bg5 Qc8 13. Rfe1 e5 14. dxe5 Nxe5 15. Qf4
Nfd7 16. Qh4 Nxf3+ 17. Bxf3 Re5 18. Nd5 Bxd5 19. exd5 Qe8 20. Kf1 b5 21. a5 f5
22. b4 Qf7 23. c4 bxc4 24. Qxc4 Rxe1+ 25. Rxe1 Ne5 26. Qb3 Rb8 27. Bd1 f4 28.
Bh4 Qf5 29. Bc2 Qh5 30. Be7 f3 31. Re4 g5 32. Qe3 h6 33. h4 Re8 34. b5 Rxe7 35.
bxa6 Nc4 36. Qd3 Rxe4 37. gxf3 Re8 38. Qh7+ Kf8 0-1

[Event "TCh-CHN 2017"]
[Site "China CHN"]
[Date "2017.08.19"]
[Round "13.1"]
[Board "3"]
[White "Lu, Shanglei"]
[Black "Li, Chao b"]
[Result "1/2-1/2"]
[WhiteTitle "GM"]
[BlackTitle "GM"]
[WhiteElo "2641"]
[BlackElo "2732"]
[WhiteTeam "Zhejiang"]
[BlackTeam "Beijing"]
[WhiteFideId "8603332"]
[BlackFideId "8604436"]
[EventDate "2017.04.18"]

1. e4 e5 2. Nf3 Nc6 3. Bb5 Nf6 4. Nc3 Nd4 5. Bc4 Bc5 6. Nxe5 Qe7 7. Nf3 d5 8.
Bxd5 Bg4 9. d3 O-O-O 10. Bg5 Bb4 11. a3 Rxd5 12. Bxf6 Bxc3+ 13. bxc3 Nxf3+ 14.
gxf3 Qxf6 15. fxg4 Qxc3+ 16. Ke2 Rc5 17. Qd2 Qxc2 18. Rhc1 Qxd2+ 19. Kxd2 Rg5
20. f3 h5 21. h4 Rb5 22. g5 Rb2+ 23. Kc3 Rh2 24. Rh1 Rf2 25. Rhf1 Rh2 26. Rh1
Rf2 27. Raf1 Ra2 28. Ra1 Rf2 29. Rhf1 Rh2 30. Rh1 1/2-1/2

[Event "TCh-CHN 2017"]
[Site "China CHN"]
[Date "2017.08.19"]
[Round "13.1"]
[Board "4"]
[White "Zhao, Xue"]
[Black "Zhu, Jiner"]
[Result "0-1"]
[WhiteTitle "GM"]
[WhiteElo "2477"]
[BlackElo "2324"]
[WhiteTeam "Beijing"]
[BlackTeam "Zhejiang"]
[WhiteFideId "8601283"]
[BlackFideId "8608059"]
[EventDate "2017.04.18"]

1. c4 Nf6 2. Nf3 e6 3. b3 d5 4. Bb2 c5 5. e3 Nc6 6. cxd5 exd5 7. Bb5 Bd6 8. d4
Qa5+ 9. Nc3 Ne4 10. dxc5 Nxc3 11. Bxc6+ bxc6 12. Qd2 Qxc5 13. Bxc3 O-O 14. O-O
a5 15. Rfc1 Qb6 16. Be5 Ba3 17. Bb2 Bxb2 18. Qxb2 f6 19. Qd4 Ra6 20. Qxb6 Rxb6
21. Rc5 Ra6 22. Rac1 Bd7 23. Nd4 Rc8 24. g4 Kf7 25. Kg2 Ke7 26. Kg3 Kd6 27. f3
Re8 28. Kf2 h5 29. h3 hxg4 30. hxg4 Rh8 31. Kg3 Re8 32. R5c3 Rh8 33. Rd1 g6 34.
Ne2 Ke7 35. Nf4 Rh6 36. e4 g5 37. Nd3 Ra8 38. exd5 cxd5 39. Nf2 Be6 40. Rc6 Kd7
41. Rb6 Rhh8 42. Ne4 Kc7 43. Rxe6 dxe4 44. Rxe4 Rh7 45. Rc1+ Kb7 46. Rce1 Rh6
47. Re8 Rxe8 48. Rxe8 Kc7 49. a3 Kb7 50. Re6 Ka7 51. b4 axb4 52. axb4 Kb7 53.
Kf2 Kc7 54. Ke3 Kd7 55. Ra6 Ke7 56. Ke4 f5+ 57. Kxf5 Rxa6 58. Kxg5 Kf7 59. f4
Rb6 60. f5 Rxb4 0-1

[Event "TCh-CHN 2017"]
[Site "China CHN"]
[Date "2017.08.19"]
[Round "13.1"]
[Board "5"]
[White "Wang, Jue"]
[Black "Ding, Yixin"]
[Result "1/2-1/2"]
[WhiteTitle "WGM"]
[BlackTitle "WGM"]
[WhiteElo "2359"]
[BlackElo "2424"]
[WhiteTeam "Beijing"]
[BlackTeam "Zhejiang"]
[WhiteFideId "8604070"]
[BlackFideId "8602972"]
[EventDate "2017.04.18"]

1. e4 c5 2. Nf3 d6 3. d4 cxd4 4. Nxd4 Nf6 5. Nc3 a6 6. Nb3 e5 7. f3 Be7 8. Be3
Be6 9. Qd2 O-O 10. O-O-O Nbd7 11. g4 b5 12. g5 Nh5 13. Nd5 Bxd5 14. exd5 f5 15.
h4 Qe8 16. Na5 Bd8 17. Nb7 Ng3 18. Rg1 Nxf1 19. Rgxf1 f4 20. Bg1 Bc7 21. Qb4 Rb8
22. Na5 Bxa5 23. Qxa5 e4 24. fxe4 Qxe4 25. Rfe1 Qf5 26. Bd4 Rbc8 27. c3 f3 28.
Qxa6 f2 29. Rf1 Qf4+ 30. Kb1 Qe4+ 31. Ka1 Qc2 32. a3 Nc5 33. Bxc5 dxc5 34. Qe6+
Kh8 35. Qe3 b4 36. Rd2 Qb3 37. Rdxf2 Rg8 38. h5 bxa3 39. h6 axb2+ 40. Kb1 Qxd5
41. Rf5 Qa8 42. Qe7 Qa1+ 43. Kc2 Qa4+ 44. Kb1 Qa1+ 1/2-1/2

[Event "TCh-CHN 2017"]
[Site "China CHN"]
[Date "2017.08.19"]
[Round "13.2"]
[Board "1"]
[White "Moiseenko, Alexander"]
[Black "Wang, Yue"]
[Result "1/2-1/2"]
[WhiteTitle "GM"]
[BlackTitle "GM"]
[WhiteElo "2667"]
[BlackElo "2690"]
[WhiteTeam "Chengdu"]
[BlackTeam "Tianjin"]
[WhiteFideId "14102560"]
[BlackFideId "8601429"]
[EventDate "2017.04.18"]

1. d4 Nf6 2. c4 e6 3. Nc3 d5 4. cxd5 exd5 5. Bg5 c6 6. e3 Bf5 7. Qf3 Be6 8. Bxf6
Qxf6 9. Qxf6 gxf6 10. Bd3 Nd7 11. Nf3 Nb6 12. Nh4 Nc4 13. O-O-O Nd6 14. Ne2 Rg8
15. g3 f5 16. Nf4 Bh6 17. Nhg2 a5 18. a3 Ke7 19. Kb1 Ne4 20. Rhf1 a4 21. f3 Nd6
22. Rc1 Bd7 23. Rc2 f6 24. Re1 Kf7 25. Kc1 Rae8 26. Kd2 Ra8 27. Kc1 Rae8 28. Kd2
Ra8 29. Kc1 Rae8 30. Kd2 Ra8 1/2-1/2

[Event "TCh-CHN 2017"]
[Site "China CHN"]
[Date "2017.08.19"]
[Round "13.2"]
[Board "2"]
[White "Xu, Xiangyu"]
[Black "Malakhov, Vladimir"]
[Result "1/2-1/2"]
[WhiteTitle "GM"]
[BlackTitle "GM"]
[WhiteElo "2549"]
[BlackElo "2686"]
[WhiteTeam "Chengdu"]
[BlackTeam "Tianjin"]
[WhiteFideId "8608288"]
[BlackFideId "4120787"]
[EventDate "2017.04.18"]

1. d4 d5 2. c4 c6 3. Nf3 Nf6 4. Nc3 a6 5. c5 Bf5 6. Qb3 Ra7 7. Bf4 Nbd7 8. h3 e6
9. e3 Be7 10. Be2 O-O 11. O-O Re8 12. Rfd1 Ne4 13. Ne5 Nxe5 14. Nxe4 Ng6 15. Ng3
Nxf4 16. exf4 Qc7 17. Qe3 b6 18. cxb6 Qxb6 19. b3 Raa8 20. Nxf5 exf5 21. Qd3 Bf6
22. Rac1 Re4 23. Qc2 Bxd4 24. Qxc6 Bxf2+ 25. Kf1 Qxc6 26. Rxc6 Rxf4 27. Rxd5
Bg3+ 28. Kg1 Re4 29. Rxa6 Rae8 30. Bf1 g6 31. Rd1 Re1 32. Rxe1 Rxe1 33. b4 Be5
34. Kf2 Rb1 35. a3 Bd4+ 36. Ke2 Bg1 37. Rd6 Ra1 38. Rd3 f4 39. g3 Ra2+ 40. Kd1
Ra1+ 41. Ke2 fxg3 42. Rxg3 Bd4 43. Bg2 Ra2+ 44. Kf1 Bb2 45. Bd5 Ra1+ 46. Ke2 Kf8
47. b5 Bxa3 48. Rf3 f5 49. b6 Bd6 50. b7 Ra5 51. Rd3 Bh2 52. Bc6 Ra6 53. Bd5 Ke7
54. Rb3 Bb8 55. Rc3 Rb6 56. Rb3 Rd6 57. Re3+ Kf8 58. Rd3 Ke7 59. Re3+ Kd7 60.
Bg8 h5 61. Rd3 Rxd3 62. Kxd3 Ke7 63. Ke2 g5 64. Bd5 Kf6 65. Kf2 g4 66. Bc6 f4
67. hxg4 hxg4 68. Bd5 Ba7+ 69. Kg2 Ke5 70. Bc6 Ke6 71. Be4 Bb8 72. Bc6 Kf6 73.
Bd5 Ke5 74. Bc6 Kd4 75. Bd7 g3 1/2-1/2

[Event "TCh-CHN 2017"]
[Site "China CHN"]
[Date "2017.08.19"]
[Round "13.2"]
[Board "3"]
[White "Liu, Guanchu"]
[Black "Dai, Changren"]
[Result "1-0"]
[WhiteTitle "IM"]
[WhiteElo "2462"]
[BlackElo "2437"]
[WhiteTeam "Chengdu"]
[BlackTeam "Tianjin"]
[WhiteFideId "8603901"]
[BlackFideId "8608156"]
[EventDate "2017.04.18"]

1. e4 e5 2. Nf3 Nc6 3. Bb5 a6 4. Bxc6 dxc6 5. O-O Bg4 6. h3 h5 7. d3 Qf6 8. Be3
Bxf3 9. Qxf3 Qxf3 10. gxf3 Bd6 11. Nd2 Ne7 12. Rfb1 O-O 13. b4 f5 14. a3 Ng6 15.
Kf1 Rf7 16. Ke2 Nf8 17. Nc4 Ne6 18. c3 Raf8 19. Rg1 fxe4 20. fxe4 b5 21. Na5 c5
22. Raf1 Nf4+ 23. Bxf4 Rxf4 24. f3 cxb4 25. axb4 Kh7 26. Nc6 R4f6 27. Rg5 Kh6
28. Rfg1 R8f7 29. R1g2 Rf4 30. d4 Rxf3 31. Rg6+ Kh7 32. Rxg7+ Rxg7 33. Rxg7+
Kxg7 34. Kxf3 Kf6 35. dxe5+ Bxe5 36. Nxe5 Kxe5 37. h4 c6 38. Ke3 Ke6 39. Kd4 Kd6
40. e5+ Ke6 41. Ke4 Kd7 42. Kf5 Ke7 43. e6 c5 44. bxc5 a5 45. c6 1-0

[Event "TCh-CHN 2017"]
[Site "China CHN"]
[Date "2017.08.19"]
[Round "13.2"]
[Board "4"]
[White "Chu, Ruotong"]
[Black "Lagno, Kateryna"]
[Result "1/2-1/2"]
[BlackTitle "GM"]
[WhiteElo "2166"]
[BlackElo "2547"]
[WhiteTeam "Tianjin"]
[BlackTeam "Chengdu"]
[WhiteFideId "8605653"]
[BlackFideId "14109336"]
[EventDate "2017.04.18"]

1. d4 Nf6 2. c4 g6 3. Nc3 d5 4. Bf4 Bg7 5. e3 O-O 6. Rc1 Be6 7. Qb3 c5 8. Qxb7
Qb6 9. Qxb6 axb6 10. Nf3 dxc4 11. dxc5 bxc5 12. Ng5 Bd5 13. Rd1 h6 14. Nxd5 Nxd5
15. Rxd5 hxg5 16. Bxb8 Rfxb8 17. Bxc4 Rxb2 18. O-O Rc2 19. Rxc5 Raxa2 20. Rc8+
Bf8 21. Rxf8+ Kxf8 22. Bxa2 Rxa2 23. g4 Ra4 24. h3 f5 25. gxf5 gxf5 26. f4 Kg7
27. fxg5 Kg6 28. Rf4 Ra1+ 29. Kf2 e5 30. Rb4 Kxg5 31. h4+ Kh5 32. Rb5 Kxh4 33.
Rxe5 Kg4 34. Rb5 Ra2+ 35. Kf1 Rc2 36. Ra5 Rb2 37. Rc5 Kf3 38. Rxf5+ Kxe3 1/2-1/2

[Event "TCh-CHN 2017"]
[Site "China CHN"]
[Date "2017.08.19"]
[Round "13.3"]
[Board "1"]
[White "Bu, Xiangzhi"]
[Black "Xu, Zhihang"]
[Result "1-0"]
[WhiteTitle "GM"]
[BlackTitle "FM"]
[WhiteElo "2730"]
[BlackElo "2373"]
[WhiteTeam "Shandong"]
[BlackTeam "Qingdao"]
[WhiteFideId "8601445"]
[BlackFideId "8611572"]
[EventDate "2017.04.18"]

1. Nf3 Nf6 2. g3 d5 3. Bg2 e6 4. O-O Be7 5. d4 O-O 6. c4 c6 7. Qc2 Nbd7 8. b3 b6
9. Bb2 Bb7 10. Nc3 dxc4 11. bxc4 c5 12. d5 exd5 13. cxd5 Bd6 14. Nh4 c4 15. Nf5
Bc5 16. Ne4 Nxe4 17. Qxe4 Nf6 18. Qxc4 Bxd5 19. Bxd5 Qxd5 20. Qf4 Ne8 21. Qg5
Qd8 22. Qg4 f6 23. Rad1 Qc8 24. Rd7 g6 25. Rfd1 Kh8 26. Qh4 h5 27. Qg5 1-0

[Event "TCh-CHN 2017"]
[Site "China CHN"]
[Date "2017.08.19"]
[Round "13.3"]
[Board "2"]
[White "Wen, Yang"]
[Black "Fang, Yuxiang"]
[Result "1/2-1/2"]
[WhiteTitle "GM"]
[BlackTitle "GM"]
[WhiteElo "2605"]
[BlackElo "2497"]
[WhiteTeam "Shandong"]
[BlackTeam "Qingdao"]
[WhiteFideId "8602956"]
[BlackFideId "8605840"]
[EventDate "2017.04.18"]

1. Nf3 d5 2. g3 Nf6 3. Bg2 g6 4. c4 c6 5. b3 Bg7 6. Bb2 O-O 7. d3 b6 8. Nbd2 Bb7
9. O-O c5 10. cxd5 Nxd5 11. Bxg7 Kxg7 12. Qc1 Nc6 13. Qb2+ Kg8 14. a3 Rb8 15.
Rfd1 Nc7 16. b4 Nd4 17. Nxd4 Qxd4 18. Qxd4 cxd4 19. Rdc1 Nb5 20. Bxb7 Rxb7 21.
Nf3 Rd8 22. a4 Nc3 23. Nxd4 Rxd4 24. Rxc3 Rxb4 25. a5 b5 26. Kf1 Ra4 27. Rxa4
bxa4 28. Ra3 Rb1+ 29. Kg2 Rb4 30. Kf3 Kf8 31. Ke3 Ke8 32. Kd2 Rb2+ 33. Ke3 Rb4
34. Kd2 Rb2+ 35. Kd1 Rb1+ 36. Kd2 1/2-1/2

[Event "TCh-CHN 2017"]
[Site "China CHN"]
[Date "2017.08.19"]
[Round "13.3"]
[Board "3"]
[White "Zhao, Jun"]
[Black "Ma, Zhonghan"]
[Result "1/2-1/2"]
[WhiteTitle "GM"]
[BlackTitle "IM"]
[WhiteElo "2604"]
[BlackElo "2471"]
[WhiteTeam "Shandong"]
[BlackTeam "Qingdao"]
[WhiteFideId "8602522"]
[BlackFideId "8607206"]
[EventDate "2017.04.18"]

1. e4 e5 2. Nf3 Nc6 3. Nc3 Nf6 4. d4 exd4 5. Nxd4 Bb4 6. Nxc6 bxc6 7. Bd3 d5 8.
exd5 cxd5 9. O-O O-O 10. h3 c6 11. Qf3 Be6 12. Ne2 Bd6 13. Bg5 h6 14. Bxf6 Qxf6
15. Qxf6 gxf6 16. Ng3 c5 17. Rad1 Rab8 18. b3 Rfd8 19. Rfe1 Be5 20. Nf5 Bxf5 21.
Bxf5 Kf8 22. Re3 Bc7 23. Rf3 Rb6 24. Bg4 Be5 25. Rf5 Rbd6 26. Be2 Bd4 27. Bf3
Re8 28. g3 Re5 29. Rf4 Bc3 30. Kg2 d4 31. Be4 Rde6 32. Bd3 Kg7 33. Rg4+ Rg5 34.
Rh4 Re1 35. Rxe1 Bxe1 36. Kf3 Re5 37. Rg4+ Kf8 38. Rh4 Kg7 39. Rg4+ Kf8 40. Rf4
Kg7 41. g4 h5 42. gxh5 Rxh5 43. h4 Bd2 44. Rf5 Rxf5+ 45. Bxf5 Be1 46. Ke2 Bb4
47. f4 Kh6 48. Bg4 f5 49. Bf3 Kg6 50. h5+ Kf6 51. Kd3 Ba3 52. Kc4 a6 53. Bb7 a5
54. Kb5 Bb4 55. Bc8 Kg7 56. Bxf5 Kh6 57. Bg4 Kg7 58. Bf3 Kh6 59. Be2 Kg7 60. Bc4
f6 61. Bd3 Kh6 62. Bg6 Kg7 63. Bd3 Kh6 64. Be2 Kg7 65. Bf3 Kh6 66. Bd1 Kg7 67.
Be2 Kh6 68. Kc4 Kg7 69. Bd3 Kh6 70. Bg6 Kg7 71. Kd5 Ba3 72. Be8 Bb4 73. Bb5 Ba3
74. Bd3 Bb4 75. Ke6 Bd2 76. f5 Bc1 77. Bc4 Bd2 78. Bd3 Bc1 79. h6+ Bxh6 80. Kd6
Kf7 81. Kxc5 Be3 82. b4 axb4 83. Kxb4 Ke7 84. Kc5 Kd7 85. Kb6 Kc8 86. a4 Kb8 87.
a5 Bf4 88. a6 Bc7+ 89. Kc6 Be5 90. Kb6 Bc7+ 91. Kc6 Be5 92. Kb6 Bc7+ 1/2-1/2

[Event "TCh-CHN 2017"]
[Site "China CHN"]
[Date "2017.08.19"]
[Round "13.3"]
[Board "4"]
[White "Hong, Xing"]
[Black "Ning, Kaiyu"]
[Result "0-1"]
[WhiteElo "2017"]
[BlackElo "2169"]
[WhiteTeam "Qingdao"]
[BlackTeam "Shandong"]
[WhiteFideId "8606129"]
[BlackFideId "8614750"]
[EventDate "2017.04.18"]

1. e4 e6 2. d4 d5 3. Nc3 dxe4 4. Nxe4 Bd7 5. Nf3 Bc6 6. Bd3 Nd7 7. O-O Ngf6 8.
Neg5 Bd6 9. Qe2 h6 10. Nxe6 fxe6 11. Bg6+ Ke7 12. Nh4 Nf8 13. c4 Nxg6 14. Nxg6+
Kf7 15. Nxh8+ Qxh8 16. Re1 Qe8 17. Qc2 Qd7 18. Bd2 Nh5 19. Rad1 Nf4 20. Bxf4
Bxf4 21. d5 exd5 22. cxd5 Bb5 23. Re6 Bd6 24. b3 Kg8 25. a4 Ba6 26. Rde1 Qf7 27.
R1e3 Qh5 28. h3 Rf8 29. Qe4 Qf5 30. Rf3 Qxe4 31. Rxf8+ Kxf8 32. Rxe4 Bd3 33. Re3
Bc2 34. Kf1 b6 35. f3 a5 36. Ke2 g5 37. Rc3 Bg6 38. Kf2 Bc5+ 39. Kg3 h5 40. h4
gxh4+ 41. Kxh4 Kf7 42. Kg5 Be7+ 43. Kf4 Kf6 44. g4 Bd6+ 45. Ke3 hxg4 46. fxg4
Ke5 47. g5 Kxd5 48. Rc1 c6 49. Rf1 Bc2 50. Kd2 Bxb3 51. g6 Be5 52. Rf7 Bxa4 53.
Kd3 Bb3 54. g7 Bxg7 55. Rxg7 Kc5 56. Kc3 a4 57. Rg5+ Bd5 58. Rg4 b5 59. Rh4 Kb6
60. Rh5 Ka5 61. Rh4 Bf7 62. Rf4 Bb3 63. Rf5 Be6 64. Re5 Bd5 65. Rh5 a3 66. Kc2
b4 67. Kb1 b3 68. Rh8 Be4+ 0-1

[Event "TCh-CHN 2017"]
[Site "China CHN"]
[Date "2017.08.19"]
[Round "13.3"]
[Board "5"]
[White "Sun, Fanghui"]
[Black "Zhang, Xiaowen"]
[Result "0-1"]
[BlackTitle "WGM"]
[WhiteElo "2126"]
[BlackElo "2332"]
[WhiteTeam "Qingdao"]
[BlackTeam "Shandong"]
[WhiteFideId "8604150"]
[BlackFideId "8603219"]
[EventDate "2017.04.18"]

1. e4 e6 2. d3 d5 3. Nd2 c5 4. Ngf3 Nc6 5. g3 Bd6 6. Bg2 Nge7 7. O-O O-O 8. Re1
Bc7 9. a4 b6 10. exd5 exd5 11. d4 Bg4 12. h3 Bh5 13. dxc5 bxc5 14. Nb3 Bd6 15.
c3 Rb8 16. a5 Qc7 17. Be3 c4 18. Nbd4 Bxf3 19. Bxf3 Ne5 20. Re2 Nxf3+ 21. Nxf3
Rb5 22. Qd4 Nf5 23. Qg4 Nxe3 24. Rxe3 Rxb2 25. Nd4 Bc5 26. Nf5 g6 27. Rf3 Kh8
28. Qh4 Qe5 29. Nd4 Bxd4 30. cxd4 Qe6 31. Re3 Qf5 32. Rf1 Kg7 33. Re5 Qf6 34.
Qxf6+ Kxf6 35. Rxd5 Rc8 36. Rc1 c3 37. Kf1 Ke6 38. Re5+ Kd6 39. Re3 c2 40. Ke2
Ra2 41. Re5 Rc4 42. Rb5 Rxd4 43. Rb7 Re4+ 44. Kd3 Re7 45. Rb5 Kc6 46. Rb4 Rd7+
47. Ke3 Kc5 48. Rb8 Kc4 49. Rc8+ Kb3 50. Rb8+ Ka4 51. Rc8 Kxa5 52. R1xc2 Rxc2
53. Rxc2 Kb4 54. Rc8 a5 55. Rb8+ Kc5 56. g4 Ra7 57. Rc8+ Kd6 58. Rc3 a4 59. Ra3
Kc5 60. Kd3 Kb4 61. Ra1 Rd7+ 62. Kc2 Rc7+ 63. Kd2 a3 0-1